header

Behaviourral factors influencing social development of learners with hearing impairments in public primary schools in Rongo Sub-county, Kenya (Record no. 266360)

MARC details
000 -LEADER
fixed length control field 00526nam a22001577a 4500
003 - CONTROL NUMBER IDENTIFIER
control field OSt
005 - DATE AND TIME OF LATEST TRANSACTION
control field 20260618071110.0
008 - FIXED-LENGTH DATA ELEMENTS--GENERAL INFORMATION
fixed length control field 260618b |||||||| |||| 00| 0 eng d
024 ## - OTHER STANDARD IDENTIFIER
Standard number or code MSNE/9521/2014
040 ## - CATALOGING SOURCE
Transcribing agency Rongo University
050 ## - LIBRARY OF CONGRESS CALL NUMBER
Classification number HV 2474
Item number .A 95 2025
100 ## - MAIN ENTRY--PERSONAL NAME
Personal name Awino Mary Gabriel
245 ## - TITLE STATEMENT
Title Behaviourral factors influencing social development of learners with hearing impairments in public primary schools in Rongo Sub-county, Kenya
260 ## - PUBLICATION, DISTRIBUTION, ETC. (IMPRINT)
Place of publication, distribution, etc Rongo,Kenya.
Name of publisher, distributor, etc Rongo University
Date of publication, distribution, etc 2025
942 ## - ADDED ENTRY ELEMENTS (KOHA)
Source of classification or shelving scheme Library of Congress Classification
Koha item type Thesis
Holdings
Withdrawn status Lost status Source of classification or shelving scheme Damaged status Not for loan Home library Current library Shelving location Date acquired Total Checkouts Full call number Barcode Date last seen Price effective from Koha item type
    Library of Congress Classification     Rongo University Library Rongo University Library Reference 18/06/2026   HV 2474 .A 95 2025 RU/SED/2025/158 18/06/2026 18/06/2026 Thesis

© 2026 Rongo University
Contact us: librarian | system librarian | Rongo university